[Event "Mukachevo Masters IM 2018"]
[Site "Mukachevo"]
[Date "2018.10.18"]
[Round "3"]
[White "Bidsila, Andrej"]
[Black "Kagramanianz, Vartan"]
[Result "0-1"]
[WhiteElo "2261"]
[BlackElo "2231"]
[Annotator "TA"]
[PlyCount "50"]
[EventDate "2018.08.17"]
[EventType "swiss"]
[EventCountry "UKR"]
[SourceTitle "playchess.com"]
[Source "ChessBase"]
[SourceQuality "1"]

{[%evp 13,50,0,0,-8,0,-18,0,-32,7,-29,-19,-39,-27,-24,-23,-47,-42,-32,-29,-79,-62,-154,-152,-178,-140,-272,-88,-88,-84,-93,-77,-84,-73,-95,-85,-232,-231,-635,-609]} 1. Nf3 c5 2. g3 Nc6 3. Bg2 g6 4. e4 Bg7 5. Nc3 d6 6. d3 Rb8 7. O-O {B25: Sizilianisch (Geschlossenes System)} (7. h3 Nf6 8. O-O O-O 9. a4 a6 10. Be3 b5 11. axb5 axb5 12. Qd2 b4 13. Nd1 Bb7 14. Bh6 Ra8 15. Bxg7 Kxg7 16. Ne3 Rxa1 17. Rxa1 Qc7 18. c3 Ra8 19. Rxa8 Bxa8 20. Nd5 {½-½ (20) Zvjaginsev,V (2658)-Dreev,A (2606) Krasnoyarsk 2007}) 7... b5 {LiveBook: 4 Partien} 8. Nd5 e6 9. Ne3 {Die Stellung ist ausgeglichen.} ({Nur nicht} 9. Bg5 $2 f6 $19) 9... Nge7 $146 ({Vorgänger:} 9... Nd4 10. c3 Nxf3+ 11. Bxf3 Qb6 12. Bg2 Ne7 13. Qg4 Qc7 {½-½ (28) Neumann,H (2228)-Borg,A (2132) Istanbul 2000}) 10. c3 Qb6 11. Qc2 O-O 12. Nd2 Rd8 13. Re1 d5 14. exd5 exd5 15. Nf3 d4 16. Nd1 dxc3 17. bxc3 ({Günstiger ist} 17. Nxc3 $15 Bf5 18. Bf4) 17... Bf5 $36 {[%mdl 2048] Schwarz hat starke Initiative.} 18. Bf1 Nd5 {zielt auf ...Sdb4! ab.} 19. Rb1 (19. Bg5 $17 {war einen Versuch wert.}) 19... b4 $2 (19... Bg4 $19 20. Bg2 Bxf3 21. Bxf3 Bxc3 $1 {[%mdl 512]} 22. Nxc3 Nd4 23. Nxd5 Nxc2 24. Nxb6 Nxe1) 20. c4 Nc3 21. Nxc3 Bxc3 22. Bd2 Bf6 23. Bf4 Rb7 24. Rbd1 (24. Re3 $17 {kämpft weiter.}) 24... Bg4 $19 25. Bg2 $2 {[#]} (25. Nd2) 25... Bxf3 $1 {Precision: Weiß = 16%, Schwarz = 63%.} 0-1

[Event "Mukachevo Masters IM 2018"]
[Site "Mukachevo"]
[Date "2018.10.18"]
[Round "3"]
[White "Vachylia, Andrii"]
[Black "Boricsev, Oleg"]
[Result "1/2-1/2"]
[WhiteElo "2238"]
[BlackElo "2298"]
[Annotator "TA"]
[PlyCount "115"]
[EventDate "2018.08.17"]
[EventType "swiss"]
[EventCountry "UKR"]
[SourceTitle "playchess.com"]
[Source "ChessBase"]
[SourceQuality "1"]

{[%evp 17,115,39,58,66,104,100,145,112,104,104,104,104,104,100,104,98,137,118,140,102,115,86,84,84,81,79,64,45,43,43,77,43,51,51,51,51,51,59,69,41,41,40,41,28,35,35,35,35,35,35,69,69,69,35,69,35,69,69,69,69,69,69,69,69,69,69,69,69,69,69,69,69,69,69,69,69,69,69,69,69,69,69,69,69,69,69,69,69,69,69,69,69,69,69,69,69,69,69,69,69]} 1. d4 d5 2. c4 e6 3. Nf3 c5 4. cxd5 exd5 5. g3 Nc6 6. Bg2 Nf6 7. O-O Be7 8. Nc3 O-O 9. Bg5 Bf5 10. Rc1 {D34: Tarrasch Defence: 6 g3 Nf6 7 Bg2 Be7} Re8 (10... c4 11. Ne5 Rb8 12. Bxf6 gxf6 13. Nxc6 bxc6 14. e4 Be6 15. Rc2 f5 16. exd5 cxd5 17. Qh5 Bf6 {1-0 (35) Nestorovic,D (2355)-Tadic,B (2504) Smederevska Palanka 2016}) 11. dxc5 d4 12. Nb5 {[%cal Rf3d4] White is clearly better.} d3 {[#] Threatens to win with ...dxe2.} 13. Re1 $146 ({Predecessor:} 13. e3 d2 14. Qxd2 Bd3 15. Nbd4 Bxf1 16. Bxf1 Ne4 17. Bxe7 Nxd2 18. Bxd8 Nxf3+ 19. Nxf3 Raxd8 {½-½ (48) Duquesnoy,J (2244)-Bolding,K (2361) Marseille 2001}) 13... a6 14. Bxf6 axb5 15. Bxe7 Rxe7 16. exd3 Rxe1+ 17. Qxe1 Rxa2 18. Ne5 Nd4 19. c6 (19. Bxb7 {is interesting.} h6 20. Qe3 Rxb2 21. Ra1 Rb4 22. Ng6) 19... bxc6 20. Nxc6 Nxc6 21. Bxc6 h6 22. Bxb5 {Black must now prevent Qe5.} Rxb2 23. Bc4 {[#] And now Qe5 would win.} Bh3 24. Ra1 Qd4 25. Qe8+ $1 Kh7 26. Qe4+ ({Don't go for} 26. Qxf7 $2 Rxf2 27. Qg8+ Kg6 $19) 26... Qxe4 27. dxe4 $14 {[%mdl 4096] Endgame KRB-KRB} f6 28. Re1 g5 29. Be2 g4 30. Bf1 Bxf1 31. Kxf1 $11 {KR-KR. White is slightly better.} Kg6 32. Re2 Rb1+ 33. Kg2 Rb3 34. h3 h5 35. h4 Kf7 36. Rc2 Kg6 37. Rc5 Rb2 38. e5 fxe5 39. Rxe5 Ra2 40. Re6+ Kg7 41. Rd6 Rb2 42. Kf1 Ra2 43. Ke1 Ra5 44. Ke2 Re5+ 45. Kf1 Ra5 46. Re6 Ra2 47. Ke1 Rb2 48. Re2 Rb3 49. Re5 Kg6 50. Rg5+ Kh6 51. Rd5 Rb8 52. Kd2 Rf8 53. Ke3 Rf3+ 54. Ke2 Rf8 55. Rd6+ Kg7 56. Rd4 Kg6 57. Rf4 Ra8 58. Re4 {Precision: White = 77%, Black = 66%.} 1/2-1/2

[Event "Mukachevo Masters IM 2018"]
[Site "Mukachevo"]
[Date "2018.10.18"]
[Round "3"]
[White "Larkin, Vladyslav"]
[Black "Srinath, Rao S.V."]
[Result "1/2-1/2"]
[WhiteElo "2234"]
[BlackElo "2325"]
[Annotator "TA"]
[PlyCount "60"]
[EventDate "2018.08.17"]
[EventType "swiss"]
[EventCountry "UKR"]
[SourceTitle "playchess.com"]
[Source "ChessBase"]
[SourceQuality "1"]

{[%evp 11,60,0,4,1,-4,-5,0,0,0,-12,0,-2,0,-52,17,0,0,-12,-4,-12,0,0,0,0,20,-44,73,-19,-42,-29,104,96,82,54,61,55,55,55,50,52,67,0,0,0,0,0,0,0,0,0,0]} 1. e4 e5 2. Nf3 Nf6 3. d4 {[%cal Bd2d4,Bd4d5][%mdl 32]} Nxe4 4. Bd3 Nc6 5. d5 Nc5 6. dxc6 e4 $1 {LiveBook: 29 Games} 7. Bc4 {aiming for Ne5. C43: Petroff Defence: 3 d4} (7. cxb7 Bxb7 8. Be2 exf3 9. Bxf3 Bxf3 10. Qxf3 Bd6 11. Bg5 Qb8 12. Nc3 Ne6 13. h4 c6 14. O-O-O O-O 15. Kb1 a5 {0-1 (34) Mamedyarov,S (2660)-Bruzon Batista,L (2637) Pamplona 2004}) 7... exf3 8. Qxf3 {[%csl Gc4][%cal Rf3f7]} Qe7+ 9. Be3 $1 bxc6 10. O-O d5 {White should prevent ...Qe5.} 11. Re1 $146 {And now Nc3 would win.} ({Predecessor:} 11. Nc3 Be6 12. b4 Nd7 13. Bxd5 Bxd5 14. Nxd5 Ne5 15. Nxe7 Nxf3+ 16. gxf3 Bxe7 {½-½ (22) Doberitz,P (2077)-Eichner,S (2334) Leipzig 2008}) 11... Be6 12. Nc3 (12. Be2 $11) 12... Rd8 ({Black should try} 12... Qh4 $15 13. Nxd5 cxd5 14. Bxd5 O-O-O 15. Bxe6+ Nxe6) 13. Rad1 {[%cal Rc4d5] Hoping for Bxd5!} Qf6 {White must now prevent ...Qxf3.} 14. Qxf6 gxf6 15. Be2 Rb8 16. Bh5 Kd7 17. Bd4 Be7 18. f4 (18. b3 $11) 18... Na6 {[#]} (18... Bd6 $1 $15 {stays ahead.}) 19. Bxa7 (19. a3 $1 $16) 19... Rxb2 $11 20. f5 $1 Bxf5 {[#]} (20... Rxc2 $11 21. fxe6+ fxe6) 21. Nxd5 $1 $16 {[%mdl 512]} Bd6 (21... cxd5 22. Rxd5+) 22. Nxf6+ Kc8 23. Bd4 Rxc2 24. Ng4 Rg8 25. Ne3 $36 {[%mdl 2048] White is pushing.} Bh3 $1 {[%cal Rg8g2]} 26. Bxf7 ({White should play} 26. g3 $14 Bxg3 27. hxg3 Rxg3+ 28. Kh1 Bg2+ 29. Nxg2 Rh3+ 30. Kg1 Rxh5 31. a3) 26... Rgxg2+ {The position is equal.} 27. Nxg2 Rxg2+ 28. Kh1 Rxh2+ 29. Kg1 Rg2+ 30. Kh1 {Threatens to win with Be6+.} Rh2+ {Precision: White = 44%, Black = 45%.} 1/2-1/2

[Event "Mukachevo Masters IM 2018"]
[Site "Mukachevo"]
[Date "2018.10.19"]
[Round "4"]
[White "Vypkhaniuk, Ihor"]
[Black "Vachylia, Andrii"]
[Result "1-0"]
[WhiteElo "2389"]
[BlackElo "2238"]
[Annotator "TA"]
[PlyCount "95"]
[EventDate "2018.08.17"]
[EventType "swiss"]
[EventCountry "UKR"]
[SourceTitle "playchess.com"]
[Source "ChessBase"]
[SourceQuality "1"]

{[%evp 18,95,49,46,61,53,49,58,91,83,95,102,100,99,97,98,100,93,112,97,120,110,124,110,121,113,120,118,118,108,141,139,245,110,216,176,184,194,235,231,231,189,178,181,285,275,361,372,456,460,539,513,556,552,519,405,541,521,670,658,577,569,493,460,816,522,501,446,436,406,357,406,578,317,315,315,29983,29984,29984,29985]} 1. d4 Nf6 2. c4 c6 3. Nf3 d5 4. Qc2 e6 5. g3 Bb4+ 6. Nbd2 O-O {D30: Queen's Gambit Declined: Systems without Nc3} 7. Bg2 Re8 (7... Ne4 8. O-O Nxd2 9. Bxd2 Bxd2 10. Nxd2 dxc4 11. e3 Nd7 12. Nxc4 Qe7 13. Rfd1 Nb6 14. Ne5 Nd7 15. Rd2 f6 {1-0 (55) Khalifman,A (2612)-Fier,A (2653) Khanty-Mansiysk 2009}) 8. O-O Nbd7 9. Rd1 Bf8 10. e4 {LiveBook: 3 Games} dxe4 11. Nxe4 Nxe4 12. Qxe4 Nf6 13. Qc2 Qc7 14. Bf4 Bd6 15. Bxd6 Qxd6 16. c5 Qc7 17. Ne5 Nd7 $146 18. Qe4 Nf8 19. h4 Bd7 20. Rd3 Re7 21. Nc4 Be8 22. Re1 f6 {...Bg6 would now be nice for Black.} 23. Ra3 Bg6 24. Qf3 Rd8 (24... h6 $16 25. Nd6 a6) 25. Nd6 (25. Rxa7 $18 {is the precise move to win.} Rxd4 26. Nd6) 25... b6 (25... a6 $16 26. h5 Bf7) 26. h5 Bf7 27. h6 Ng6 28. hxg7 Kxg7 29. Ne4 f5 30. Nd6 $36 {[%mdl 2048] White is in control.} Rb8 (30... Rxd6 $142 31. cxd6 Qxd6) 31. b4 $18 (31. Qxc6 Qxc6 32. Bxc6 bxc5 $16) 31... bxc5 32. dxc5 (32. bxc5 Be8 $18) 32... Kf8 33. Qc3 Qd7 34. Ra6 e5 35. Bxc6 Qe6 36. Rd1 {[#] Black must now prevent Bd5.} Qf6 37. b5 Qg5 38. Nxf7 Rxf7 39. b6 axb6 40. cxb6 Kg7 (40... f4 $142 41. Ra7 fxg3 42. Rxf7+ (42. Qxg3 Qxg3+ 43. fxg3 Rxb6 $11) 42... Kxf7 43. Bd5+ (43. Qxg3 Qxg3+ 44. fxg3 Rxb6 $11) 43... Kf8 44. fxg3 Nf4 45. Qa3+ Kg7) 41. b7 f4 42. Ra8 Rbxb7 43. Bxb7 Rxb7 44. Qc8 Re7 (44... Qe7 {is a better defense.} 45. gxf4 exf4) 45. Rd7 fxg3 46. Rxe7+ Nxe7 $2 {[#]} (46... Qxe7 $18 47. fxg3 h5) 47. Qf8+ Kg6 48. Ra6+ {Precision: White = 51%, Black = 30%.} 1-0

[Event "Mukachevo Masters IM 2018"]
[Site "Mukachevo"]
[Date "2018.10.19"]
[Round "4"]
[White "Shkuran, Danylo"]
[Black "Larkin, Vladyslav"]
[Result "0-1"]
[WhiteElo "2371"]
[BlackElo "2234"]
[Annotator "TA"]
[PlyCount "68"]
[EventDate "2018.08.17"]
[EventType "swiss"]
[EventCountry "UKR"]
[SourceTitle "playchess.com"]
[Source "ChessBase"]
[SourceQuality "1"]

{[%evp 15,68,10,16,0,-4,-25,-12,-21,-27,-22,-6,-27,0,-15,35,41,61,37,52,38,35,36,61,70,81,75,79,0,0,-9,-22,-159,-158,-200,-127,-218,-237,-243,-253,-243,-178,-163,-81,-84,-45,-197,-193,-180,-181,-424,-416,-565,-522,-611,-632]} 1. Nf3 c5 2. e4 d6 3. d4 cxd4 4. Nxd4 Nf6 5. Nc3 a6 6. g3 e5 7. Nde2 Be7 8. Bg2 Be6 {LiveBook: 42 Games} 9. Bg5 {B91: Sicilian Najdorf: 6 g3} (9. a4 O-O 10. O-O Qc7 11. h3 Nbd7 12. Be3 h5 13. b3 b6 14. f4 Nc5 15. f5 Bc8 16. Nd5 Nxd5 17. exd5 {1-0 (42) Schilcher,A (2523)-Zhak,B (2601) ICCF email 2015}) 9... Nbd7 10. h3 $146 ({Predecessor:} 10. O-O O-O 11. h3 h5 12. f4 Qb6+ 13. Kh2 Qxb2 14. Rb1 Qa3 15. Rxb7 {½-½ (30) Kreyssig,B (1852)-Riess,A (1922) Magdeburg 2014}) 10... b5 11. a3 {The position is equal.} h6 12. Be3 Nb6 13. b3 Rb8 14. f4 Nh5 15. O-O g5 16. fxe5 dxe5 17. Nd5 Bxd5 18. exd5 Qc7 19. Qd3 O-O 20. Rad1 Nc8 21. c4 (21. Bc1 $16) 21... bxc4 $11 22. bxc4 Bc5 $1 23. h4 (23. Qc3 $11 {remains equal.}) 23... Nd6 $17 24. Rc1 f5 {Strongly threatening ...Rb2.} 25. Bxc5 (25. Rc2 $17) 25... Qxc5+ $19 26. Kh2 Nf6 27. Bh3 g4 28. Bg2 Nfe4 (28... Rb2 $19 {has better winning chances.} 29. Rc2 Rxc2 30. Qxc2 Kg7) 29. Nc3 $17 Qxa3 {White must now prevent ...Rb2.} 30. c5 $2 (30. Rc2 $1 $15) 30... Nxc5 $19 31. Qe3 {[#]} Nce4 $1 32. Qxh6 $2 (32. Rc2) (32. Nxe4 Qxe3) 32... Rf6 ({Not} 32... Nxc3 33. Qg6+ Kh8 34. Qh6+ Kg8 35. Ra1 $11) 33. Qe3 Rb3 34. Ra1 Qb4 {Precision: White = 25%, Black = 52%.} 0-1

[Event "Mukachevo Masters IM 2018"]
[Site "Mukachevo"]
[Date "2018.10.19"]
[Round "4"]
[White "Tiba, Vladyslav"]
[Black "Srinath, Rao S.V."]
[Result "1-0"]
[WhiteElo "2337"]
[BlackElo "2325"]
[Annotator "TA"]
[PlyCount "81"]
[EventDate "2018.08.17"]
[EventType "swiss"]
[EventCountry "UKR"]
[SourceTitle "playchess.com"]
[Source "ChessBase"]
[SourceQuality "1"]

{[%evp 31,81,39,45,27,46,41,47,44,82,97,80,80,84,58,113,115,147,129,141,116,152,95,182,190,219,210,187,117,122,120,127,72,120,124,156,127,179,152,422,423,523,496,664,652,644,615,1010,998,29958,2633,29992,29993]} 1. e4 e6 2. d4 d5 3. Nd2 Nf6 4. e5 Nfd7 5. Bd3 c5 6. c3 Nc6 7. Ndf3 cxd4 8. cxd4 f6 9. exf6 Nxf6 10. Ne2 Bd6 11. O-O Qc7 12. h3 O-O 13. Be3 {C06: French Tarrasch: 3...Nf6 4 e5 Nfd7 5 Bd3 main lines} Bd7 14. Re1 Rae8 (14... Be8 15. Ng5 Bf7 16. Rc1 Kh8 17. a3 Bg8 18. b4 a6 19. g3 h6 20. Nf4 Bxf4 21. Bxf4 {1-0 (38) Navara,D (2729)-Michiels,B (2563) Wijk aan Zee 2015 CBM 165 [Navara,D]}) 15. Rc1 a6 16. a3 Qb8 {LiveBook: 3 Games} 17. b4 Re7 18. Nc3 b5 19. Bg5 Bf4 $146 ({Predecessor:} 19... h6 20. Be3 Be8 21. Nh4 e5 22. Nf5 {1-0 (42) Shahaliyev,I (2362)-Suleymanli,A (2032) Baku 2016}) 20. Bxf4 Qxf4 21. Ne2 Qh6 22. Ng3 Qf4 (22... g6 $14) 23. Rc5 $16 g6 24. Qc1 Qd6 25. Qg5 Rg7 26. Qe3 (26. Rec1 $142) 26... Bc8 (26... Ne7 $16 27. Ne5 Bc8) 27. Rec1 $18 Bb7 28. Ne5 $1 Nd8 29. Nf1 (29. h4 $1 $18) 29... Nd7 $16 30. Nxd7 Rxd7 {[#]} 31. Nd2 (31. Nh2 $142 $1) 31... Nc6 32. Nf3 Rdf7 33. Be2 Rf4 (33... Re7 $16) 34. Qc3 $18 {[%cal Rc5c6]} Nxd4 $2 (34... Rc8 $16 35. Bd1 Rff8) 35. Nxd4 Qe5 36. Rc7 Rxd4 37. Rxb7 Qf6 38. Qg3 e5 39. Rcc7 Re4 40. Bg4 (40. Bf3 $142 Re1+ 41. Kh2 Rd8 42. Re7 Qf8 43. Qg4 Qf6 {[#]} 44. Bxd5+ $1 {[%mdl 512]} Kf8 45. Rf7+ Qxf7 46. Rxf7+ Kg8 47. Qh4 Rh1+ 48. Kxh1 Rxd5 49. Qxh7#) 40... Rf4 41. Be6+ {Precision: White = 70%, Black = 24%.} 1-0

[Event "Mukachevo Masters IM 2018"]
[Site "Mukachevo"]
[Date "2018.10.19"]
[Round "4"]
[White "Boricsev, Oleg"]
[Black "Bidsila, Andrej"]
[Result "1-0"]
[WhiteElo "2298"]
[BlackElo "2261"]
[Annotator "TA"]
[PlyCount "91"]
[EventDate "2018.08.17"]
[EventType "swiss"]
[EventCountry "UKR"]
[SourceTitle "playchess.com"]
[Source "ChessBase"]
[SourceQuality "1"]

{[%evp 9,91,32,50,7,38,31,39,0,23,0,0,0,72,69,77,35,31,34,123,116,104,106,91,0,0,8,0,0,58,52,60,58,57,0,0,8,127,127,144,108,108,108,108,108,108,108,139,123,122,108,99,0,177,169,268,259,256,253,252,247,237,181,167,139,253,248,481,461,511,482,704,700,677,710,747,700,930,947,1487,1527,1469,1442,1316,1292]} 1. e4 d6 2. d4 g6 3. h4 h5 (3... Nf6 4. Nc3 Bg7 5. f3 c6 6. Be3 b5 7. Qd2 h6 8. g4 Nbd7 9. Nge2 Qa5 10. Ng3 Nb6 11. Nb1 Qa6 12. b3 Qb7 13. a4 bxa4 14. bxa4 Be6 15. Nc3 {1-0 (46) Ponkratov,P (2613)-Petrosian,T (2601) Riadh 2017}) 4. Bc4 Nf6 5. Nc3 Nc6 $146 ({Predecessor:} 5... c6 6. Nf3 b5 7. Bb3 b4 8. e5 bxc3 9. exf6 cxb2 10. Bxb2 exf6 11. d5 Qe7+ 12. Kf1 c5 {0-1 (85) Felizes,P (1997)-Santos Filho,T (2091) Rio de Janeiro 2017}) 6. Nh3 {B06: Modern Defence} Bxh3 7. Rxh3 a6 8. a4 {White is slightly better.} Qd7 9. d5 Ne5 10. Be2 Bh6 (10... Bg7 $11 {keeps the balance.}) 11. Bxh6 $16 Rxh6 12. f4 (12. Qd2 $5 {[%cal Rd2h6]} Rh7 13. O-O-O $14) 12... Neg4 13. Qd4 Rh7 (13... c6 $14) 14. O-O-O c5 15. dxc6 $1 bxc6 16. Bc4 (16. e5 $16 dxe5 17. Qc5 (17. fxe5 Qxd4 18. Rxd4 Nxe5 $11)) 16... Qa7 $11 17. Qxa7 Rxa7 18. Rd2 Nd7 ({Black should play} 18... a5 $11) 19. a5 $1 $14 Nc5 20. b4 Ne6 21. Bxe6 (21. Ne2 {feels hotter.} Ra8 22. Rb3 Nf6 23. Bxe6 fxe6 24. e5) 21... fxe6 22. e5 d5 (22... Rf7 $11 {remains equal.}) 23. Na4 $16 Rb7 24. Rb3 $36 {[%mdl 2048] Nc5 is the strong threat. White has strong initiative.} Kf7 25. Nc5 Ra7 26. Rc3 Rh8 27. Nb3 Rc8 28. Nd4 Rac7 29. Nf3 Ke8 {[#]} 30. Nd4 (30. Ng5 $1 $16) 30... Kd7 $2 (30... Kf7 $11) 31. Nb3 $18 c5 (31... Ke8 $142) 32. Nxc5+ Ke8 33. Rcd3 Rc6 34. Kb2 Nh6 35. Kb3 Nf5 36. g3 Rb8 (36... Rxc5 $16 {is a better defense.} 37. bxc5 Rxc5) 37. Ka4 d4 $2 {[#]} (37... Ra8 {was worth a try.} 38. c3 Rac8) 38. c3 {White is clearly winning.} dxc3 39. Rxc3 Kf7 (39... Rbc8 $142 40. Rdd3 Rb8) 40. Rd7 Ra8 41. Rcd3 Ke8 42. Rb7 Rcc8 43. Nxe6 Rab8 44. Rxb8 Rxb8 45. Nc7+ Kf7 46. Nxa6 {Precision: White = 72%, Black = 33%.} 1-0

[Event "Mukachevo Masters IM 2018"]
[Site "Mukachevo"]
[Date "2018.10.19"]
[Round "4"]
[White "Kagramanianz, Vartan"]
[Black "Oros, Robert"]
[Result "1/2-1/2"]
[WhiteElo "2231"]
[BlackElo "2336"]
[Annotator "TA"]
[PlyCount "120"]
[EventDate "2018.08.17"]
[EventType "swiss"]
[EventCountry "UKR"]
[SourceTitle "playchess.com"]
[Source "ChessBase"]
[SourceQuality "1"]

{[%evp 17,120,22,35,0,0,0,2,4,0,-6,-16,-22,-17,-17,11,8,17,0,23,0,18,16,17,0,0,0,11,12,32,26,39,26,30,29,33,0,0,0,0,-8,0,0,0,0,0,-10,-3,-7,-10,-14,0,-18,0,0,0,-2,-5,-2,-7,-17,-17,-16,-16,-19,-17,-25,-21,-31,-10,-21,-15,-14,-14,-16,-16,-16,-20,-21,-10,-31,-24,-31,-29,-31,-31,-43,0,-1,0,-8,-8,-8,-8,-80,8,0,0,0,0,0,0,0,0,0,0]} 1. e4 Nf6 2. e5 Nd5 3. d4 d6 4. Nf3 dxe5 5. Nxe5 c6 6. Be2 Bf5 {B04: Alekhine's Defence: 4 Nf3} 7. O-O (7. c3 Nd7 8. Nf3 e6 9. O-O Bd6 10. Re1 O-O 11. Nbd2 h6 12. Nc4 Bc7 13. a4 a5 14. Bd3 {1-0 (40) Vachier Lagrave,M (2779)-Dominguez Perez,L (2739) chess.com INT 2018}) 7... Nd7 8. Bg4 Bxg4 9. Qxg4 g6 {LiveBook: 7 Games} 10. Qxd7+ $146 (10. Nd2 {looks sharper.} Nxe5 11. dxe5 Qc8 12. Qc4 Bg7 13. Nf3) ({Predecessor:} 10. c4 Nc7 11. Nd2 Bg7 12. Ndf3 Qc8 13. Qh4 Nxe5 14. dxe5 {0-1 (43) Sethuraman,S (2623)-Ramirez,A (2549) Moscow 2017}) 10... Qxd7 11. Nxd7 Kxd7 12. Nd2 Bg7 13. Nf3 Rhd8 14. c3 Ke8 15. Re1 f6 16. Bd2 Kf7 17. Re2 Bf8 18. Rae1 Rac8 19. c4 Nc7 20. Bf4 Ne8 21. g4 Nd6 22. b3 Rd7 23. h3 Ne8 24. Kg2 h5 25. Bc1 Ng7 26. Ba3 a5 27. Bc1 a4 28. Bh6 (28. Bd2 {with more complications.} axb3 29. axb3 Ra8 30. Re4 hxg4 31. hxg4 b5 32. Rf4) 28... hxg4 29. hxg4 axb3 30. axb3 Ne6 31. Rxe6 {[#] Threatens to win with Bc1.} Bxh6 32. R6e2 Ra8 33. Rb1 Ra3 34. c5 Bf4 35. b4 b5 36. cxb6 Rb7 37. b5 Rxb6 38. Rbe1 Bd6 39. bxc6 Rxc6 40. g5 Ra5 41. gxf6 exf6 42. Rh1 {[#] Hoping for Rh7+.} Kg7 43. Rb2 Rc7 44. Rhb1 g5 45. Rb7 Kg6 46. Rxc7 Bxc7 $11 {[%mdl 4096] Endgame KRB-KRN} 47. Rc1 Bb8 48. Rc5 Ra2 49. Rc6 Ba7 50. Rd6 Kf5 51. Ne1 Ra4 52. Nc2 Kg6 53. Kf3 Rc4 54. Rd7 Bb6 55. Ne3 (55. Rd6 $11 {remains equal.}) 55... Ra4 ({Better is} 55... Rxd4 $17 56. Rb7 Ba5) 56. d5 {The position is equal.} Rf4+ 57. Ke2 Bc5 58. Rc7 Bd4 59. Rc6 Kf7 60. f3 Bxe3 {Precision: White = 53%, Black = 64%.} 1/2-1/2

[Event "Mukachevo Masters IM 2018"]
[Site "Mukachevo"]
[Date "2018.10.19"]
[Round "5"]
[White "Oros, Robert"]
[Black "Boricsev, Oleg"]
[Result "1/2-1/2"]
[WhiteElo "2336"]
[BlackElo "2298"]
[Annotator "TA"]
[PlyCount "32"]
[EventDate "2018.08.17"]
[EventType "swiss"]
[EventCountry "UKR"]
[SourceTitle "playchess.com"]
[Source "ChessBase"]
[SourceQuality "1"]

{[%evp 13,32,31,46,39,42,22,22,19,30,18,32,14,23,16,33,0,36,6,3,2,7]} 1. e4 c6 2. Nc3 g6 3. d4 Bg7 4. Be3 d5 5. Qd2 dxe4 6. Nxe4 Nf6 {B15: Caro-Kann: 3 Nc3: 3...g6 and 3...dxe4 4 Nxe4 Nf6 5 Nxf6+ exf6} (6... Nd7 7. O-O-O Ngf6 8. Ng3 Nb6 9. Bh6 Bxh6 10. Qxh6 Qd5 11. b3 Bg4 12. f3 Be6 13. Qd2 Qd6 14. c4 Qc7 15. N1e2 {0-1 (41) Christiansen,J (2495)-Aronian,L (2805) Riadh 2017}) 7. Nxf6+ Bxf6 {LiveBook: 4 Games} 8. Bc4 Nd7 {[%cal Bb8d7,Bd7b6,Bb6d5][%mdl 32] White is slightly better.} 9. Ne2 $146 ({Predecessor:} 9. Nf3 Nb6 10. Bb3 Bg4 11. O-O-O Bxf3 12. gxf3 h5 13. Kb1 e6 14. Rhg1 {0-1 (37) Le Goff,D (2217)-Piankov,E (2348) Guingamp 2008}) 9... Nb6 10. Bb3 O-O 11. Rd1 Nd5 12. Bh6 Re8 $1 13. O-O Nc7 14. Nf4 Bf5 15. c3 e5 16. dxe5 Bxe5 1/2-1/2

[Event "Mukachevo Masters IM 2018"]
[Site "Mukachevo"]
[Date "2018.10.19"]
[Round "5"]
[White "Srinath, Rao S.V."]
[Black "Shkuran, Danylo"]
[Result "0-1"]
[WhiteElo "2325"]
[BlackElo "2371"]
[Annotator "TA"]
[PlyCount "84"]
[EventDate "2018.08.17"]
[EventType "swiss"]
[EventCountry "UKR"]
[SourceTitle "playchess.com"]
[Source "ChessBase"]
[SourceQuality "1"]

{[%evp 12,84,44,41,61,52,53,39,94,69,82,60,71,33,38,41,35,0,0,-47,-47,-49,0,0,0,-22,-11,-23,-31,-35,-21,-40,-41,-89,-93,-115,-98,-120,-112,-150,-152,-155,-157,-200,-195,-242,-193,-174,-182,-410,-395,-416,-343,-411,-398,-633,-642,-1025,-992,-1394,-1394,-29975,-29949,-29990,-29987,-29987,-1116,-29988,-29989,-29989,-29990,-29997,-29998,-29998,-29999]} 1. d4 d5 2. Nf3 Nf6 3. Bf4 e6 4. e3 c5 5. c3 Qb6 6. Qb3 c4 7. Qc2 {LiveBook: 8 Games. D02: 1 d4 d5 2 Nf3 sidelines, including 2...Nf6 3 g3 and 2...Nf6 3 Bf4} Nbd7 (7... Bd6 8. Bg3 Ne4 9. Nbd2 f5 10. b3 cxb3 11. axb3 O-O 12. Bd3 Bd7 13. Bxd6 Qxd6 14. Ne5 Nc6 {½-½ (50) Hillarp Persson,T (2511)-Grunberg,M (2389) Stockholm 2017}) 8. Nbd2 Nh5 9. Bg3 {White is slightly better.} f5 (9... Qa5 $14) 10. Be2 Be7 11. Be5 Nhf6 12. h3 Nxe5 13. Nxe5 Bd6 $146 ({Predecessor:} 13... Nd7 14. Ndf3 Bf6 {1-0 (38) Wong,B (2025)-Pang,Y (1960) Hong Kong 2018}) 14. g4 O-O 15. gxf5 exf5 16. f4 Ne4 (16... Qc7 {seems wilder.} 17. O-O-O b5 18. Rdg1 a5 19. h4 b4) 17. Nxe4 fxe4 18. Qd2 Qc7 19. h4 b5 20. h5 Rb8 21. h6 {Black should prevent hxg7.} g6 22. Rg1 b4 23. Bh5 bxc3 24. bxc3 Bf5 25. a4 Qe7 $36 {[%mdl 2048] Keeping White busy.} 26. Rg5 Rb3 27. Be2 Qb7 {...Rb2 is the strong threat.} 28. Nxc4 Rb1+ ({But not} 28... dxc4 29. Bxc4+ Kh8 30. Bxb3) 29. Rxb1 Qxb1+ 30. Kf2 $2 (30. Qd1 Qxd1+ 31. Kxd1 dxc4 32. Bxc4+ Kh8 33. Kc2) 30... dxc4 $19 31. Bxc4+ Kh8 32. Rg1 Qb6 33. Qa2 (33. Ke2 $142) 33... Qc7 34. Rb1 {[#]} g5 $1 {[%cal Bg6g5,Bg5f4][%mdl 32]} 35. Be6 (35. fxg5 Be6+) 35... gxf4 36. Bxf5 fxe3+ 37. Ke2 Qxc3 38. Rb3 Qxd4 (38... Qc4+ $142 39. Kxe3 Qf1 40. Qb2 Qe1+ 41. Qe2 {[#]} Bf4+ $1 {[%mdl 512]} 42. Kxf4 Qxe2 43. Ke5 e3 44. Bd7 Qh2+ 45. Ke6 Qa2 46. Ke7 e2 47. Re3 Qf7+ 48. Kd6 Qf4+ 49. Re5 e1=Q 50. Kc6 Qb4 51. a5 Qfxd4 52. Rd5 Qdc4+ 53. Rc5 Qcxc5#) 39. Qc2 Rxf5 {Black mates.} 40. Rxe3 Bc5 41. Rxe4 Rf2+ 42. Ke1 Bb4+ {Precision: White = 18%, Black = 70%.} ({And not} 42... Rxc2 43. Re8+ Bf8 44. Rxf8#) 0-1